प्रबंधकीय निर्णयों के लिए लेखांकन/ (Record no. 210290)

MARC details
000 -LEADER
fixed length control field 00754nam a22001937a 4500
005 - DATE AND TIME OF LATEST TRANSACTION
control field 20250421112602.0
010 ## - LCCN (DPL NO)
LC control number HIN-129489
020 ## - INTERNATIONAL STANDARD BOOK NUMBER
Terms of availability 400.00
International Standard Book Number 9789391004743
035 ## - SYSTEM CONTROL NUMBER
System control number HN-101835
037 ## - SOURCE OF ACQUISITION
Source of stock number/acquisition DBAD
082 ## - DEWEY DECIMAL CLASSIFICATION NUMBER
Classification number 658.15
100 ## - MAIN ENTRY--PERSONAL NAME
Personal name गेरा, सुमन
245 ## - TITLE STATEMENT
Title प्रबंधकीय निर्णयों के लिए लेखांकन/
Statement of responsibility, etc सुमन गेरा
Remainder of title MCO-5
260 ## - PUBLICATION, DISTRIBUTION, ETC. (IMPRINT)
Place of publication, distribution, etc दिल्ली
Name of publisher, distributor, etc नीरज पब्लिकेशन
270 ## - ADDRESS
Address 1507, नई सड़क, दिल्ली-110006
300 ## - PHYSICAL DESCRIPTION
Extent 272पृ.;
Dimensions 24 सेमी (अजिल्द)
700 ## - ADDED ENTRY--PERSONAL NAME
Personal name सुमन गेरा
9 (RLIN) 79574
942 ## - ADDED ENTRY ELEMENTS (KOHA)
Source of classification or shelving scheme Dewey Decimal Classification
Item type Hindi Books
Classification part 658.15
Call number suffix गेरासु
Holdings
Withdrawn status Lost status Not for loan Home library Current library Date acquired Source of acquisition Cost, normal purchase price Full call number Barcode Copy number Cost, replacement price Koha item type
      RC3 Shakur Pur RC3 Shakur Pur 13/03/2025 DBAD 400.00 658.15 गेरासु HN-101835 1 400.00 Hindi Books

© Delhi Public Library
Hit Counter
free hit counter